| 000 | 00478nam a22001217a 4500 | ||
|---|---|---|---|
| 008 | 230606b xxu||||| |||| 00| 0 eng d | ||
| 020 | _a96676710X | ||
| 082 |
_a339.4119 _bKEN |
||
| 245 |
_aConstituency Report on Well-being in Kenya _bBased on the Kenya Integrated Household Budget Survey-2005/06 |
||
| 260 |
_aNairobi,Kenya _bKenya National Bureau of Statistics _c2008 |
||
| 300 | _a76p | ||
| 942 |
_2ddc _cBK |
||
| 999 |
_c564 _d564 |
||